00442nam a2200181 a 4500001001300000003000900013005001700022008004100039020001000080082001500090100002200105245001000127260003400137300000900171500003500180650002300215700002200238nice12345678IN_TiNIC20260116011422.0070809s1962 edia grp 000 0 eng  ac10000a297.1bGUI aGuillaume, Alfred aIslam aEdinburghbPenguin Bookc1962 a210p aincludes index and biblioraphy aIslam-Meccan Trade1 aGuillaume, Alfred